000 00643nam a2200217Ia 4500
001 14178
003 GE_BSU
008 181216s||||||||xx |||||||||||||| ||und||
040 _cGE_BSU
245 _aМир Ислама. Pax Islamica 1(10) 2013
245 _bПамятники мусульманской культуры
260 _aМосква
260 _bИзд.дом Марджани
260 _c2013
300 _a224стр.22см.
653 _aPax Islamica
653 _aМир Ислама
653 _aПамятники мусульманской культуры
653 _aნაჩუქარი
942 _cCR
999 _c47317
_d47317